Social Organization of the Mongol-Turkic Pastoral Nomads : (Record no. 609921)

MARC details
000 -LEADER
fixed length control field 00537nam a2200193 a 4500
001 - CONTROL NUMBER
control field 1769943201184
003 - CONTROL NUMBER IDENTIFIER
control field YourLibrary
005 - DATE AND TIME OF LATEST TRANSACTION
control field 20260201164119.0
008 - FIXED-LENGTH DATA ELEMENTS--GENERAL INFORMATION
fixed length control field 260201s1997##################000#0#eng##
020 ## - INTERNATIONAL STANDARD BOOK NUMBER
International Standard Book Number 9780700708208
082 04 - DEWEY DECIMAL CLASSIFICATION NUMBER
Classification number 302.359
Item number KRA.02
040 ## - CATALOGING SOURCE
Original cataloging agency YourLibrary
Language of cataloging eng
Transcribing agency YourLibrary
100 1# - MAIN ENTRY--PERSONAL NAME
Personal name Krader, Lawrence,
Relator term author.
245 10 - TITLE STATEMENT
Title Social Organization of the Mongol-Turkic Pastoral Nomads :
260 ## - PUBLICATION, DISTRIBUTION, ETC.
Name of publisher, distributor, etc. RoutledgeCurzon,
Date of publication, distribution, etc. 1997.
300 ## - PHYSICAL DESCRIPTION
Extent 420 pages
650 #0 - SUBJECT ADDED ENTRY--TOPICAL TERM
Topical term or geographic name entry element Social Science.
942 ## - ADDED ENTRY ELEMENTS (KOHA)
Koha item type English Books
Holdings
Withdrawn status Lost status Damaged status Not for loan Home library Current library Date acquired Total Checkouts Full call number Barcode Date last seen Price effective from Koha item type
        Anna Centenary Library Anna Centenary Library 01.02.2026   302.359 KRA.02 181754 01.02.2026 01.02.2026 English Books

Find us on the map